Gara-gara seguni jagung
| Main Author: | |
|---|---|
| Format: | Book |
| Published: |
Selangor :
Penerbit Mega Setia Emas Sdn. Bhd ,
2002
|
| Series: | Siri budi tani
|
| Subjects: |
MARC
| LEADER | 00000cam a2200000 7i4500 | ||
|---|---|---|---|
| 001 | 0000059239 | ||
| 005 | 20020731.0 | ||
| 020 | |a 9831434099 | ||
| 090 | 0 | 0 | |a JF |b NUR |
| 100 | 0 | |a Nur Azlan Amer | |
| 245 | 1 | 0 | |a Gara-gara seguni jagung |c Nur Azlan Amer |
| 260 | |a Selangor : |b Penerbit Mega Setia Emas Sdn. Bhd , |c 2002 | ||
| 300 | |a 38p. : |b ill. ; |c 21cm. | ||
| 490 | 0 | |a Siri budi tani | |
| 650 | 0 | 0 | |a Children's stories, Malay |
| 999 | |a 00140845 |b BUKU |c PINJAMAN |e PERPUSTAKAAN KOMUNITI PETALING JAYA | ||
| 999 | |a 00140846 |b BUKU |c PINJAMAN |e PERPUSTAKAAN KOMUNITI PETALING JAYA | ||